书目信息 |
| 题名: |
文心:叶圣陶的三十二堂国文课
|
|
| 作者: | 夏丏尊 , 叶圣陶 著 | |
| 分册: | ||
| 出版信息: | 北京 中国致公出版社 2019 |
|
| 页数: | 280页 | |
| 开本: | 21cm | |
| 丛书名: | 大师与少年 | |
| 单 册: | ||
| 中图分类: | I206.6-53 | |
| 科图分类: | ||
| 主题词: | 中国文学--zhong guo wen xue--现代文学--文学评论--文集 | |
| 电子资源: | ||
| ISBN: | 978-7-5145-1349-3 | |
| 000 | 01770oam2 2200277 450 | |
| 001 | 2151100892 | |
| 005 | 20211018173724.0 | |
| 010 | @a978-7-5145-1349-3@dCNY39.80 | |
| 100 | @a20190226d2019 em y0chiy50 ea | |
| 101 | 0 | @achi |
| 102 | @aCN@b110000 | |
| 105 | @aa z 000zy | |
| 106 | @ar | |
| 200 | 1 | @a文心:叶圣陶的三十二堂国文课@Awen xin :ye sheng tao de san shi er tang guo wen ke@f夏丏尊,叶圣陶著 |
| 210 | @a北京@c中国致公出版社@d2019 | |
| 215 | @a280页@c彩图@d21cm | |
| 225 | 2 | @a大师与少年@Ada shi yu shao nian |
| 314 | @a夏丏尊,著名语文学家、出版家和翻译家,是中国新文学运动的先驱,他长期从事语文教育和编辑工作,将毕生精力都投入到祖国的教育事业中。1930年创办《中学生》杂志。1933年他和叶圣陶共同写成语言知识的读写故事《文心》,连载于《中学生》杂志后出版。该书被誉为“在国文教学上划了一个时代”。叶圣陶,现代著名作家、教育家、文学出版家,曾在上海商务印书馆附设的尚公学校教国文,并为商务印书馆编小学国文课本。一生致力于中国教育改革,曾担任教育部副部长,有着“优秀的语言艺术家”之称。曾与夏丏尊合作出版了《阅读与写作》《文心》《文章讲话》等。代表作《隔膜》《西川集》《稻草人》等。 | |
| 330 | @a这是一部严谨而专业的“语文教材”,同时也是一本民国语文学习的白话小说,夏丏尊、叶圣陶两位先生凭借丰富的任教经验和深厚的语文修养,寓教于乐,用平易近人的故事,将复杂琐细的语文知识娓娓道来。在传道授业解惑的过程中,穿插以社会时局下的人物经历,朴实真挚,生动感人。书中的先生知识渊博、教学有方,学生尊师重教、求知若渴,课后仍时时牵挂、互相关爱,再现了中国文化中最为理想的师生之情、最为珍贵的忘年之谊。 | |
| 461 | 0 | @12001 @a大师与少年 |
| 606 | 0 | @a中国文学@Azhong guo wen xue@x现代文学@x文学评论@j文集 |
| 690 | @aI206.6-53@v5 | |
| 701 | 0 | @a夏丏尊@Axia mian zun@4著 |
| 701 | 0 | @a叶圣陶@Aye sheng tao@4著 |
| 801 | 0 | @aCN@b百万庄@c20211016 |
| 905 | @b1309732-35@dI206.6-53@e257@f4 | |
| 文心:叶圣陶的三十二堂国文课/夏丏尊,叶圣陶著.-北京:中国致公出版社,2019 |
| 280页:彩图;21cm.-(大师与少年) |
| ISBN 978-7-5145-1349-3:CNY39.80 |
| 这是一部严谨而专业的“语文教材”,同时也是一本民国语文学习的白话小说,夏丏尊、叶圣陶两位先生凭借丰富的任教经验和深厚的语文修养,寓教于乐,用平易近人的故事,将复杂琐细的语文知识娓娓道来。在传道授业解惑的过程中,穿插以社会时局下的人物经历,朴实真挚,生动感人。书中的先生知识渊博、教学有方,学生尊师重教、求知若渴,课后仍时时牵挂、互相关爱,再现了中国文化中最为理想的师生之情、最为珍贵的忘年之谊。 |
| ● |
| 相关链接 |
|
|
|
|
正题名:文心:叶圣陶的三十二堂国文课
索取号:I206.6-53/257
 
预约/预借
| 序号 | 登录号 | 条形码 | 馆藏地/架位号 | 状态 | 备注 |
| 1 | 1309732 | 213097325 | 第一样本阅览室/ [索取号:I206.6-53/257] | 在馆 | |
| 2 | 1309733 | 213097334 | 第二借阅区/ [索取号:I206.6-53/257] | 在馆 | |
| 3 | 1309734 | 213097343 | 第二借阅区/ [索取号:I206.6-53/257] | 在馆 | |
| 4 | 1309735 | 213097352 | 第二借阅区/ [索取号:I206.6-53/257] | 在馆 |